動物界 門クイズ - Statistics

General Stats
  • This quiz has been taken 27 times
  • The average score is 10 of 35
Answer Stats
Answer % Correct
軟体動物門
85%
環形動物門
77%
節足動物門
77%
扁形動物門
54%
棘皮動物門
54%
脊索動物門
54%
海綿動物門
46%
刺胞動物門
46%
平板動物門
38%
輪形動物門
38%
線形動物門
38%
無腸動物門
31%
ユムシ動物門
31%
有櫛動物門
23%
顎口動物門
23%
内肛動物門
23%
外肛動物門
23%
星口動物門
23%
緩歩動物門
23%
有爪動物門
23%
菱形動物門
15%
紐形動物門
15%
箒虫動物門
15%
腕足動物門
15%
類線形動物門
15%
鰓曳動物門
15%
珍渦虫動物門
15%
半索動物門
15%
直泳動物門
8%
腹毛動物門
8%
胴甲動物門
8%
動吻動物門
8%
毛顎動物門
0%
有輪動物門
0%
微顎動物門
0%
No matching quizzes found
Score Distribution
Percent of People with Each Score
Percentile by Number Answered
Your Score History
You have not taken this quiz